Ready-to-use medieval illustrations : 424 different copyright-free designs printed one side (Record no. 389205)

MARC details
000 -LEADER
fixed length control field 00701nam a2200217Ia 4500
008 - FIXED-LENGTH DATA ELEMENTS--GENERAL INFORMATION
fixed length control field 191130s1999##################000#0#eng##
020 ## - INTERNATIONAL STANDARD BOOK NUMBER
ISBN 9780486404714
082 ## - DEWEY DECIMAL CLASSIFICATION NUMBER
Classification number 745.442 KAT
100 ## - MAIN ENTRY--AUTHOR NAME
Personal name Kate, Maggie
245 ## - TITLE STATEMENT
Title Ready-to-use medieval illustrations : 424 different copyright-free designs printed one side
Statement of responsibility, etc selected and arranged by Maggie Kate
260 ## - PUBLICATION, DISTRIBUTION, ETC. (IMPRINT)
Place of publication Mineola, NY
Name of publisher Dover Publications
Year of publication 1999
300 ## - PHYSICAL DESCRIPTION
Number of Pages 32 leaves : all col. ill. ; 28 cm
500 ## - GENERAL NOTE
General note Cover title
650 ## - SUBJECT ADDED ENTRY--TOPICAL TERM
Topical Term Clip art
Topical Term Decoration and ornament, Medieval
991 ## -
-- 322410

No items available.

Find us on the map